[Event "Rapid"]
[Site "Estonia Resort Hotel & Spa conference center, Pärnu, EE"]
[Date "2025.08.17"]
[Round "3"]
[White "Aalto, Patrik"]
[Black "Neiksans, Arturs"]
[Result "1/2-1/2"]
[Board "5"]
[WhiteFideId "510726"]
[BlackFideId "11601388"]
[WhiteTitle "FM"]
[BlackTitle "GM"]
[WhiteElo "2151"]
[BlackElo "2514"]
[WhiteTeam "FIN"]
[BlackTeam "LAT"]
[WhiteClock "0:00:12"]
[BlackClock "0:00:24"]
[Variant "Standard"]

1. c4 {[%clk 0:15:05]}  e5 {[%clk 0:15:05]} 2. g3 {[%clk 0:15:07]}  c6 {[%clk 0:15:06]} 3. Nf3 {[%clk 0:15:09]}  e4 {[%clk 0:15:07]} 4. Nd4 {[%clk 0:15:11]}  d5 {[%clk 0:15:09]} 5. d3 {[%clk 0:15:14]}  Nf6 {[%clk 0:14:28]} 6. Bg2 {[%clk 0:15:16]}  Bc5 {[%clk 0:14:24]} 7. Nb3 {[%clk 0:15:17]}  Bb4+ {[%clk 0:14:20]} 8. Bd2 {[%clk 0:15:18]}  Qe7 {[%clk 0:13:53]} 9. O-O {[%clk 0:14:47]}  dxc4 {[%clk 0:13:53]} 10. dxc4 {[%clk 0:14:45]}  O-O {[%clk 0:13:45]} 11. Qc2 {[%clk 0:13:39]}  Bxd2 {[%clk 0:13:11]} 12. Qxd2 {[%clk 0:12:56]}  Bf5 {[%clk 0:11:51]} 13. Nc3 {[%clk 0:12:46]}  Nbd7 {[%clk 0:11:46]} 14. Nd4 {[%clk 0:12:42]}  Bg6 {[%clk 0:11:47]} 15. h3 {[%clk 0:11:54]}  Rae8 {[%clk 0:10:41]} 16. Nd1 {[%clk 0:11:28]}  Rd8 {[%clk 0:09:52]} 17. Qc3 {[%clk 0:11:07]}  c5 {[%clk 0:08:09]} 18. Nc2 {[%clk 0:10:41]}  Qe5 {[%clk 0:07:45]} 19. Nce3 {[%clk 0:10:16]}  Qh5 {[%clk 0:06:55]} 20. Qc2 {[%clk 0:10:00]}  Ne5 {[%clk 0:06:51]} 21. g4 {[%clk 0:07:50]}  Qg5 {[%clk 0:06:38]} 22. Qc3 {[%clk 0:07:33]}  h5 {[%clk 0:06:13]} 23. h4 {[%clk 0:06:25]}  Qf4 {[%clk 0:06:14]} 24. g5 {[%clk 0:06:08]}  Nfg4 {[%clk 0:05:39]} 25. Nxg4 {[%clk 0:06:08]}  Nxg4 {[%clk 0:05:36]} 26. Qg3 {[%clk 0:05:58]}  Qxg3 {[%clk 0:05:31]} 27. fxg3 {[%clk 0:06:00]}  Rd2 {[%clk 0:05:32]} 28. Nc3 {[%clk 0:05:04]}  Rxb2 {[%clk 0:05:19]} 29. Rab1 {[%clk 0:04:36]}  Rc2 {[%clk 0:04:50]} 30. Nd5 {[%clk 0:04:28]}  Rxe2 {[%clk 0:03:59]} 31. Rxb7 {[%clk 0:04:20]}  Ne3 {[%clk 0:03:30]} 32. Nxe3 {[%clk 0:03:31]}  Rxe3 {[%clk 0:03:31]} 33. Rxa7 {[%clk 0:03:22]}  Rxg3 {[%clk 0:03:29]} 34. Rc7 {[%clk 0:02:09]}  Ra8 {[%clk 0:03:07]} 35. Rf2 {[%clk 0:01:51]}  Rg4 {[%clk 0:01:59]} 36. Rxc5 {[%clk 0:01:45]}  Rxh4 {[%clk 0:02:01]} 37. Re5 {[%clk 0:01:35]}  Rg4 {[%clk 0:01:58]} 38. Kh2 {[%clk 0:01:25]}  h4 {[%clk 0:01:54]} 39. Kh3 {[%clk 0:01:08]}  Rg3+ {[%clk 0:01:39]} 40. Kxh4 {[%clk 0:01:04]}  Rc3 {[%clk 0:01:41]} 41. c5 {[%clk 0:00:42]}  Ra4 {[%clk 0:01:36]} 42. Rf4 {[%clk 0:00:28]}  Rxa2 {[%clk 0:01:01]} 43. Bxe4 {[%clk 0:00:22]}  Kh7 {[%clk 0:00:33]} 44. Rf3 {[%clk 0:00:09]}  Ra4 {[%clk 0:00:18]} 45. Rxc3 {[%clk 0:00:08]}  Bxe4 {[%clk 0:00:18]} 46. Kg3 {[%clk 0:00:10]}  Bc6 {[%clk 0:00:15]} 47. Re7 {[%clk 0:00:12]}  Kg6 {[%clk 0:00:15]} 48. Rc7 {[%clk 0:00:11]}  Ra6 {[%clk 0:00:17]} 49. Rd3 {[%clk 0:00:10]}  Kxg5 {[%clk 0:00:14]} 50. Rxf7 {[%clk 0:00:11]}  g6 {[%clk 0:00:14]} 51. Rf4 {[%clk 0:00:09]}  Ra5 {[%clk 0:00:14]} 52. Rg4+ {[%clk 0:00:10]}  Kf5 {[%clk 0:00:14]} 53. Rf4+ {[%clk 0:00:10]}  Ke5 {[%clk 0:00:12]} 54. Rc3 {[%clk 0:00:11]}  g5 {[%clk 0:00:08]} 55. Rg4 {[%clk 0:00:11]}  Kf5 {[%clk 0:00:11]} 56. Rd4 {[%clk 0:00:12]}  Ke5 {[%clk 0:00:06]} 57. Rd6 {[%clk 0:00:14]}  Bd5 {[%clk 0:00:08]} 58. Re3+ {[%clk 0:00:13]}  Kd4 {[%clk 0:00:09]} 59. Re7 {[%clk 0:00:05]}  Kxc5 {[%clk 0:00:09]} 60. Rg6 {[%clk 0:00:05]}  Ra3+ {[%clk 0:00:10]} 61. Kg4 {[%clk 0:00:07]}  Kd4 {[%clk 0:00:07]} 62. Rxg5 {[%clk 0:00:08]}  Bc4 {[%clk 0:00:09]} 63. Rd7+ {[%clk 0:00:10]}  Kc3 {[%clk 0:00:11]} 64. Kf4 {[%clk 0:00:11]}  Ra4 {[%clk 0:00:12]} 65. Ke5 {[%clk 0:00:12]}  Ra5+ {[%clk 0:00:14]} 66. Kf6 {[%clk 0:00:14]}  Rxg5 {[%clk 0:00:15]} 67. Kxg5 {[%clk 0:00:16]}  Bb3 {[%clk 0:00:17]} 68. Kf4 {[%clk 0:00:17]}  Kb2 {[%clk 0:00:20]} 69. Ke3 {[%clk 0:00:18]}  Kc3 {[%clk 0:00:22]} 70. Rc7+ {[%clk 0:00:20]}  Kb2 {[%clk 0:00:18]} 71. Kd2 {[%clk 0:00:21]}  Ba2 {[%clk 0:00:17]} 72. Rb7+ {[%clk 0:00:23]}  Ka1 {[%clk 0:00:19]} 73. Kc3 {[%clk 0:00:24]}  Be6 {[%clk 0:00:17]} 74. Kc2 {[%clk 0:00:23]}  Bd5 {[%clk 0:00:17]} 75. Rb5 {[%clk 0:00:24]}  Be6 {[%clk 0:00:18]} 76. Rb1+ {[%clk 0:00:24]}  Ka2 {[%clk 0:00:19]} 77. Rb5 {[%clk 0:00:18]}  Ka1 {[%clk 0:00:20]} 78. Re5 {[%clk 0:00:16]}  Bf7 {[%clk 0:00:20]} 79. Re3 {[%clk 0:00:16]}  Bd5 {[%clk 0:00:18]} 80. Re1+ {[%clk 0:00:15]}  Ka2 {[%clk 0:00:20]} 81. Re5 {[%clk 0:00:17]}  Bb3 {[%clk 0:00:22]} 82. Kc3 {[%clk 0:00:18]}  Bf7 {[%clk 0:00:23]} 83. Ra5+ {[%clk 0:00:16]}  Kb1 {[%clk 0:00:25]} 84. Ra6 {[%clk 0:00:16]}  Ba2 {[%clk 0:00:19]} 85. Rf6 {[%clk 0:00:11]}  Ka1 {[%clk 0:00:17]} 86. Kc2 {[%clk 0:00:11]}  Bb1+ {[%clk 0:00:16]} 87. Kc1 {[%clk 0:00:10]}  Ba2 {[%clk 0:00:18]} 88. Rb6 {[%clk 0:00:08]}  Bf7 {[%clk 0:00:18]} 89. Kc2 {[%clk 0:00:08]}  Ba2 {[%clk 0:00:19]} 90. Rb4 {[%clk 0:00:09]}  Be6 {[%clk 0:00:19]} 91. Rb1+ {[%clk 0:00:10]}  Ka2 {[%clk 0:00:21]} 92. Rb5 {[%clk 0:00:07]}  Ka1 {[%clk 0:00:19]} 93. Re5 {[%clk 0:00:09]}  Bf7 {[%clk 0:00:21]} 94. Re3 {[%clk 0:00:08]}  Bg6+ {[%clk 0:00:17]} 95. Kb3 {[%clk 0:00:09]}  Bf7+ {[%clk 0:00:19]} 96. Kc3 {[%clk 0:00:10]}  Ba2 {[%clk 0:00:12]} 97. Re7 {[%clk 0:00:09]}  Bd5 {[%clk 0:00:13]} 98. Ra7+ {[%clk 0:00:08]}  Kb1 {[%clk 0:00:15]} 99. Ra5 {[%clk 0:00:10]}  Be6 {[%clk 0:00:16]} 100. Rb5+ {[%clk 0:00:11]}  Ka1 {[%clk 0:00:17]} 101. Kc2 {[%clk 0:00:12]}  Bf7 {[%clk 0:00:16]} 102. Rb1+ {[%clk 0:00:12]}  Ka2 {[%clk 0:00:17]} 103. Rb6 {[%clk 0:00:13]}  Ka1 {[%clk 0:00:18]} 104. Rf6 {[%clk 0:00:10]}  Bd5 {[%clk 0:00:18]} 105. Rd6 {[%clk 0:00:10]}  Bf7 {[%clk 0:00:19]} 106. Rd1+ {[%clk 0:00:07]}  Ka2 {[%clk 0:00:21]} 107. Rd4 {[%clk 0:00:08]}  Ka1 {[%clk 0:00:20]} 108. Rf4 {[%clk 0:00:07]}  Be6 {[%clk 0:00:21]} 109. Rf6 {[%clk 0:00:06]}  Bd5 {[%clk 0:00:22]} 110. Rf1+ {[%clk 0:00:07]}  Ka2 {[%clk 0:00:24]} 111. Re1 {[%clk 0:00:09]}  Bf7 {[%clk 0:00:24]} 112. Re7 {[%clk 0:00:08]}  Bg6 {[%clk 0:00:24]} 113. Kc3 {[%clk 0:00:10]}  Bf5 {[%clk 0:00:17]} 114. Re5 {[%clk 0:00:26]}  Bg6 {[%clk 0:00:16]} 115. Rg5 {[%clk 0:00:16]}  Bf7 {[%clk 0:00:14]} 116. Rg2+ {[%clk 0:00:13]}  Ka1 {[%clk 0:00:14]} 117. Rb2 {[%clk 0:00:13]}  Be6 {[%clk 0:00:11]} 118. Rb5 {[%clk 0:00:13]}  Bf7 {[%clk 0:00:11]} 119. Rb6 {[%clk 0:00:13]}  Bd5 {[%clk 0:00:12]} 120. Ra6+ {[%clk 0:00:10]}  Kb1 {[%clk 0:00:14]} 121. Rd6 {[%clk 0:00:11]}  Bf7 {[%clk 0:00:15]} 122. Rf6 {[%clk 0:00:11]}  Bd5 {[%clk 0:00:17]} 123. Rf1+ {[%clk 0:00:08]}  Ka2 {[%clk 0:00:19]} 124. Rd1 {[%clk 0:00:10]}  Bf7 {[%clk 0:00:20]} 125. Rd2+ {[%clk 0:00:08]}  Ka1 {[%clk 0:00:22]} 126. Rd4 {[%clk 0:00:10]}  Be6 {[%clk 0:00:21]} 127. Kc2 {[%clk 0:00:11]}  Bf5+ {[%clk 0:00:20]} 128. Kb3 {[%clk 0:00:13]}  Be6+ {[%clk 0:00:20]} 129. Ka3 {[%clk 0:00:15]}  Bf5 {[%clk 0:00:18]} 130. Rd2 {[%clk 0:00:13]}  Bg6 {[%clk 0:00:18]} 131. Rf2 {[%clk 0:00:09]}  Be4 {[%clk 0:00:19]} 132. Ra2+ {[%clk 0:00:09]}  Kb1 {[%clk 0:00:21]} 133. Re2 {[%clk 0:00:10]}  Bg6 {[%clk 0:00:21]} 134. Kb3 {[%clk 0:00:08]}  Bf7+ {[%clk 0:00:21]} 135. Kc3 {[%clk 0:00:10]}  Ka1 {[%clk 0:00:22]} 136. Kc2 {[%clk 0:00:08]}  Bg6+ {[%clk 0:00:22]} 137. Kb3 {[%clk 0:00:10]}  Bf7+ {[%clk 0:00:21]} 138. Ka3 {[%clk 0:00:12]}  Bg6 {[%clk 0:00:20]} 139. Re1+ {[%clk 0:00:12]}  Bb1 {[%clk 0:00:21]} 140. Re5 {[%clk 0:00:12]}  Bg6 {[%clk 0:00:22]} 141. Kb3 {[%clk 0:00:13]}  Bf7+ {[%clk 0:00:23]} 142. Kc2 {[%clk 0:00:12]}  Bg6+ {[%clk 0:00:24]} 143. Kc3 {[%clk 0:00:13]}  Bf7 {[%clk 0:00:22]} 144. Rf5 {[%clk 0:00:12]}  Be6 {[%clk 0:00:24]} 1/2-1/2

[Event "Rapid"]
[Site "Estonia Resort Hotel & Spa conference center, Pärnu, EE"]
[Date "2025.08.17"]
[Round "3"]
[White "Glek, Igor"]
[Black "Sharma Isha"]
[Result "1-0"]
[Board "6"]
[WhiteFideId "4100484"]
[BlackFideId "35006665"]
[WhiteTitle "GM"]
[BlackTitle "WIM"]
[WhiteElo "2439"]
[BlackElo "2121"]
[WhiteTeam "BEL"]
[BlackTeam "IND"]
[WhiteClock "0:05:46"]
[BlackClock "0:01:37"]
[Variant "Standard"]

1. e4 {[%clk 0:15:05]}  e5 {[%clk 0:15:04]} 2. Nf3 {[%clk 0:15:07]}  Nc6 {[%clk 0:15:06]} 3. Nc3 {[%clk 0:15:08]}  Nf6 {[%clk 0:15:07]} 4. g3 {[%clk 0:15:10]}  Bb4 {[%clk 0:14:36]} 5. Bg2 {[%clk 0:15:11]}  O-O {[%clk 0:14:35]} 6. O-O {[%clk 0:15:12]}  Re8 {[%clk 0:14:13]} 7. d3 {[%clk 0:15:13]}  h6 {[%clk 0:14:14]} 8. Bd2 {[%clk 0:15:05]}  d6 {[%clk 0:14:11]} 9. a3 {[%clk 0:15:06]}  Ba5 {[%clk 0:14:13]} 10. b4 {[%clk 0:15:07]}  Bb6 {[%clk 0:14:15]} 11. Na4 {[%clk 0:15:09]}  Ne7 {[%clk 0:14:05]} 12. c4 {[%clk 0:14:46]}  c6 {[%clk 0:13:49]} 13. Nxb6 {[%clk 0:14:33]}  axb6 {[%clk 0:13:50]} 14. h3 {[%clk 0:14:30]}  Ng6 {[%clk 0:13:51]} 15. Re1 {[%clk 0:14:03]}  Be6 {[%clk 0:13:42]} 16. Qc2 {[%clk 0:14:00]}  Qd7 {[%clk 0:13:34]} 17. Kh2 {[%clk 0:14:01]}  b5 {[%clk 0:13:16]} 18. a4 {[%clk 0:13:26]}  bxa4 {[%clk 0:11:35]} 19. Rxa4 {[%clk 0:13:27]}  Nh7 {[%clk 0:10:10]} 20. Rxa8 {[%clk 0:12:46]}  Rxa8 {[%clk 0:10:12]} 21. d4 {[%clk 0:12:45]}  Qc7 {[%clk 0:10:00]} 22. c5 {[%clk 0:12:25]}  dxc5 {[%clk 0:09:41]} 23. bxc5 {[%clk 0:12:17]}  Ra2 {[%clk 0:09:39]} 24. Qc1 {[%clk 0:12:14]}  Qd7 {[%clk 0:09:16]} 25. Be3 {[%clk 0:11:46]}  exd4 {[%clk 0:08:36]} 26. Nxd4 {[%clk 0:11:45]}  Nf6 {[%clk 0:08:33]} 27. Rd1 {[%clk 0:11:36]}  Qe7 {[%clk 0:08:21]} 28. Qb1 {[%clk 0:10:26]}  Ne5 {[%clk 0:05:45]} 29. Nxe6 {[%clk 0:08:14]}  Qxe6 {[%clk 0:05:47]} 30. Qxb7 {[%clk 0:07:53]}  Neg4+ {[%clk 0:03:52]} 31. hxg4 {[%clk 0:07:54]}  Nxg4+ {[%clk 0:03:54]} 32. Kg1 {[%clk 0:07:25]}  Nxe3 {[%clk 0:03:56]} 33. fxe3 {[%clk 0:06:58]}  Qg4 {[%clk 0:03:57]} 34. Rd8+ {[%clk 0:06:11]}  Kh7 {[%clk 0:03:59]} 35. Qxf7 {[%clk 0:06:11]}  Rxg2+ {[%clk 0:02:38]} 36. Kxg2 {[%clk 0:06:09]}  Qxe4+ {[%clk 0:02:39]} 37. Qf3 {[%clk 0:05:58]}  Qc2+ {[%clk 0:02:41]} 38. Kh3 {[%clk 0:05:49]}  Qb1 {[%clk 0:01:37]} 39. e4 {[%clk 0:05:46]} 1-0

[Event "Rapid"]
[Site "Estonia Resort Hotel & Spa conference center, Pärnu, EE"]
[Date "2025.08.17"]
[Round "3"]
[White "Tolmacevs,Artjoms"]
[Black "Mayorau, Mikita"]
[Result "0-1"]
[Board "7"]
[WhiteFideId "11617519"]
[BlackFideId "13501720"]
[BlackTitle "GM"]
[WhiteElo "2134"]
[BlackElo "2433"]
[WhiteTeam "LAT"]
[BlackTeam "POL"]
[WhiteClock "0:00:13"]
[BlackClock "0:04:55"]
[Variant "Standard"]

1. e4 {[%clk 0:15:05]}  e6 {[%clk 0:15:04]} 2. d4 {[%clk 0:15:06]}  d5 {[%clk 0:15:06]} 3. Nc3 {[%clk 0:15:09]}  Nf6 {[%clk 0:14:57]} 4. e5 {[%clk 0:15:10]}  Nfd7 {[%clk 0:14:59]} 5. Nce2 {[%clk 0:15:11]}  c5 {[%clk 0:14:57]} 6. c3 {[%clk 0:15:13]}  Nc6 {[%clk 0:14:53]} 7. a3 {[%clk 0:15:15]}  a5 {[%clk 0:14:41]} 8. Nf3 {[%clk 0:15:08]}  a4 {[%clk 0:14:32]} 9. Nf4 {[%clk 0:14:43]}  Qa5 {[%clk 0:14:30]} 10. Qd2 {[%clk 0:13:12]}  Qb6 {[%clk 0:14:22]} 11. Be2 {[%clk 0:11:06]}  Na5 {[%clk 0:13:23]} 12. Qd1 {[%clk 0:10:39]}  Qb3 {[%clk 0:13:09]} 13. Bd3 {[%clk 0:09:48]}  Qxd1+ {[%clk 0:13:07]} 14. Kxd1 {[%clk 0:09:50]}  Nb3 {[%clk 0:13:06]} 15. Rb1 {[%clk 0:09:52]}  Nb8 {[%clk 0:12:43]} 16. Be3 {[%clk 0:09:32]}  Nc6 {[%clk 0:12:40]} 17. h4 {[%clk 0:07:50]}  Bd7 {[%clk 0:12:34]} 18. Bc2 {[%clk 0:07:04]}  Nca5 {[%clk 0:12:18]} 19. Nd2 {[%clk 0:07:03]}  cxd4 {[%clk 0:11:30]} 20. cxd4 {[%clk 0:06:40]}  Bb5 {[%clk 0:11:25]} 21. Nxb3 {[%clk 0:06:36]}  axb3 {[%clk 0:11:25]} 22. Bd3 {[%clk 0:06:33]}  Bc4 {[%clk 0:11:18]} 23. Bd2 {[%clk 0:06:22]}  b5 {[%clk 0:11:05]} 24. Bxa5 {[%clk 0:06:19]}  Rxa5 {[%clk 0:11:06]} 25. Bxc4 {[%clk 0:05:48]}  bxc4 {[%clk 0:10:45]} 26. Ne2 {[%clk 0:05:42]}  Be7 {[%clk 0:10:36]} 27. Nc3 {[%clk 0:05:40]}  f6 {[%clk 0:10:34]} 28. f4 {[%clk 0:05:42]}  Kd7 {[%clk 0:10:34]} 29. Kd2 {[%clk 0:05:26]}  Rf8 {[%clk 0:10:32]} 30. Rbf1 {[%clk 0:05:23]}  fxe5 {[%clk 0:10:14]} 31. fxe5 {[%clk 0:05:25]}  Raa8 {[%clk 0:10:13]} 32. g3 {[%clk 0:05:07]}  g6 {[%clk 0:10:04]} 33. Ke2 {[%clk 0:05:04]}  Rf5 {[%clk 0:09:56]} 34. Rf3 {[%clk 0:04:33]}  h5 {[%clk 0:08:06]} 35. Rhf1 {[%clk 0:03:19]}  Bd8 {[%clk 0:06:57]} 36. R1f2 {[%clk 0:02:08]}  Bb6 {[%clk 0:06:44]} 37. Rxf5 {[%clk 0:01:35]}  gxf5 {[%clk 0:06:45]} 38. Rf4 {[%clk 0:00:54]}  Ba5 {[%clk 0:05:50]} 39. Nd1 {[%clk 0:00:14]}  Rg8 {[%clk 0:05:48]} 40. Kf2 {[%clk 0:00:11]}  Bd2 {[%clk 0:05:45]} 41. Rf3 {[%clk 0:00:07]}  Rg4 {[%clk 0:05:42]} 42. Nc3 {[%clk 0:00:05]}  Bxc3 {[%clk 0:05:18]} 43. Rxc3 {[%clk 0:00:07]}  Rxd4 {[%clk 0:05:19]} 44. Ke2 {[%clk 0:00:09]}  Re4+ {[%clk 0:05:11]} 45. Re3 {[%clk 0:00:11]}  Rxe3+ {[%clk 0:04:53]} 46. Kxe3 {[%clk 0:00:13]}  c3 {[%clk 0:04:55]} 0-1

[Event "Rapid"]
[Site "Estonia Resort Hotel & Spa conference center, Pärnu, EE"]
[Date "2025.08.17"]
[Round "3"]
[White "Blokhin, Sofia"]
[Black "Chibukhchian, Artur"]
[Result "0-1"]
[Board "8"]
[WhiteFideId "4508190"]
[BlackFideId "13300717"]
[WhiteTitle "WFM"]
[BlackTitle "GM"]
[WhiteElo "2122"]
[BlackElo "2361"]
[WhiteTeam "EST"]
[BlackTeam "ARM"]
[WhiteClock "0:00:55"]
[BlackClock "0:01:55"]
[Variant "Standard"]

1. d4 {[%clk 0:15:04]}  d5 {[%clk 0:14:57]} 2. c4 {[%clk 0:15:05]}  Nc6 {[%clk 0:14:56]} 3. e3 {[%clk 0:15:04]}  e5 {[%clk 0:14:57]} 4. dxe5 {[%clk 0:14:54]}  d4 {[%clk 0:14:58]} 5. exd4 {[%clk 0:14:23]}  Qxd4 {[%clk 0:14:59]} 6. Qxd4 {[%clk 0:14:00]}  Nxd4 {[%clk 0:14:59]} 7. Bd3 {[%clk 0:13:38]}  Bg4 {[%clk 0:15:00]} 8. f3 {[%clk 0:13:12]}  Be6 {[%clk 0:14:52]} 9. Ne2 {[%clk 0:11:06]}  O-O-O {[%clk 0:14:52]} 10. O-O {[%clk 0:09:45]}  Bc5 {[%clk 0:14:21]} 11. Kh1 {[%clk 0:09:37]}  Nc6 {[%clk 0:13:07]} 12. Nf4 {[%clk 0:08:23]}  Nxe5 {[%clk 0:12:38]} 13. Nxe6 {[%clk 0:07:56]}  fxe6 {[%clk 0:12:33]} 14. Be2 {[%clk 0:07:50]}  Nd3 {[%clk 0:11:12]} 15. Bxd3 {[%clk 0:07:37]}  Rxd3 {[%clk 0:11:13]} 16. Nc3 {[%clk 0:07:28]}  Nf6 {[%clk 0:11:14]} 17. Bf4 {[%clk 0:06:57]}  Rd4 {[%clk 0:10:47]} 18. Be5 {[%clk 0:06:13]}  Rxc4 {[%clk 0:09:00]} 19. b3 {[%clk 0:06:13]}  Rb4 {[%clk 0:08:31]} 20. Rac1 {[%clk 0:05:22]}  c6 {[%clk 0:06:46]} 21. Rfe1 {[%clk 0:04:41]}  Re8 {[%clk 0:06:14]} 22. Bxf6 {[%clk 0:03:53]}  gxf6 {[%clk 0:06:16]} 23. Nd5 {[%clk 0:03:19]}  cxd5 {[%clk 0:06:17]} 24. Rxc5+ {[%clk 0:03:21]}  Kd7 {[%clk 0:05:30]} 25. Rec1 {[%clk 0:03:22]}  Kd6 {[%clk 0:04:27]} 26. Kg1 {[%clk 0:03:23]}  h5 {[%clk 0:04:15]} 27. Kf2 {[%clk 0:03:19]}  h4 {[%clk 0:03:09]} 28. Rc7 {[%clk 0:03:18]}  Re7 {[%clk 0:03:11]} 29. Rxe7 {[%clk 0:03:03]}  Kxe7 {[%clk 0:03:12]} 30. Ke3 {[%clk 0:03:02]}  e5 {[%clk 0:03:10]} 31. Rc5 {[%clk 0:02:45]}  Kd6 {[%clk 0:03:10]} 32. Rc8 {[%clk 0:02:46]}  a5 {[%clk 0:02:57]} 33. Rd8+ {[%clk 0:02:39]}  Ke6 {[%clk 0:02:57]} 34. Re8+ {[%clk 0:02:38]}  Kf5 {[%clk 0:02:55]} 35. g4+ {[%clk 0:02:20]}  hxg3 {[%clk 0:02:54]} 36. hxg3 {[%clk 0:02:21]}  a4 {[%clk 0:02:45]} 37. bxa4 {[%clk 0:01:52]}  Rxa4 {[%clk 0:02:45]} 38. Rb8 {[%clk 0:01:53]}  Ra3+ {[%clk 0:02:46]} 39. Ke2 {[%clk 0:01:48]}  Rxa2+ {[%clk 0:02:48]} 40. Ke3 {[%clk 0:01:48]}  d4+ {[%clk 0:02:42]} 41. Kd3 {[%clk 0:01:50]}  Rb2 {[%clk 0:02:44]} 42. Rf8 {[%clk 0:01:31]}  Rf2 {[%clk 0:02:02]} 43. g4+ {[%clk 0:01:24]}  Ke6 {[%clk 0:01:56]} 44. Ke4 {[%clk 0:00:51]}  Re2+ {[%clk 0:01:56]} 45. Kd3 {[%clk 0:00:53]}  Re3+ {[%clk 0:01:58]} 46. Kd2 {[%clk 0:00:54]}  Rxf3 {[%clk 0:02:00]} 47. g5 {[%clk 0:00:55]}  Ke7 {[%clk 0:01:55]} 0-1

[Event "Rapid"]
[Site "Estonia Resort Hotel & Spa conference center, Pärnu, EE"]
[Date "2025.08.17"]
[Round "3"]
[White "Gorkov, Kirill"]
[Black "Kopylov, Daniel"]
[Result "0-1"]
[Board "9"]
[WhiteFideId "4516214"]
[BlackFideId "12921971"]
[BlackTitle "IM"]
[WhiteElo "2119"]
[BlackElo "2347"]
[WhiteTeam "EST"]
[BlackTeam "GER"]
[WhiteClock "0:04:57"]
[BlackClock "0:05:58"]
[Variant "Standard"]

1. e4 {[%clk 0:15:03]}  c5 {[%clk 0:15:02]} 2. Be2 {[%clk 0:15:05]}  d5 {[%clk 0:14:17]} 3. d3 {[%clk 0:15:06]}  e5 {[%clk 0:14:12]} 4. Nc3 {[%clk 0:13:25]}  d4 {[%clk 0:13:50]} 5. Nb1 {[%clk 0:13:27]}  Nf6 {[%clk 0:11:36]} 6. f4 {[%clk 0:13:23]}  exf4 {[%clk 0:11:07]} 7. Bxf4 {[%clk 0:13:25]}  Nc6 {[%clk 0:11:09]} 8. Nd2 {[%clk 0:12:35]}  Bd6 {[%clk 0:11:03]} 9. Bxd6 {[%clk 0:12:25]}  Qxd6 {[%clk 0:11:05]} 10. Bf3 {[%clk 0:12:09]}  Be6 {[%clk 0:10:49]} 11. Qe2 {[%clk 0:12:03]}  Ne5 {[%clk 0:10:27]} 12. h3 {[%clk 0:11:17]}  Rc8 {[%clk 0:10:04]} 13. g4 {[%clk 0:09:50]}  c4 {[%clk 0:09:51]} 14. dxc4 {[%clk 0:09:32]}  Bxc4 {[%clk 0:08:53]} 15. Nxc4 {[%clk 0:09:06]}  Rxc4 {[%clk 0:08:49]} 16. Bg2 {[%clk 0:08:38]}  O-O {[%clk 0:08:39]} 17. Nf3 {[%clk 0:08:25]}  d3 {[%clk 0:07:27]} 18. cxd3 {[%clk 0:05:45]}  Nxd3+ {[%clk 0:07:27]} 19. Kf1 {[%clk 0:05:46]}  Nxe4 {[%clk 0:07:14]} 20. Kg1 {[%clk 0:05:24]}  Qc5+ {[%clk 0:06:33]} 21. Kh2 {[%clk 0:05:25]}  Rc2 {[%clk 0:06:13]} 22. Qf1 {[%clk 0:04:57]}  Rf2 {[%clk 0:05:58]} 0-1

[Event "Rapid"]
[Site "Estonia Resort Hotel & Spa conference center, Pärnu, EE"]
[Date "2025.08.17"]
[Round "3"]
[White "Wartiovaara, Oliver"]
[Black "Raag, Ardi"]
[Result "0-1"]
[Board "10"]
[WhiteFideId "513024"]
[BlackFideId "4509269"]
[WhiteTitle "FM"]
[WhiteElo "2341"]
[BlackElo "2119"]
[WhiteTeam "FIN"]
[BlackTeam "EST"]
[WhiteClock "0:01:48"]
[BlackClock "0:00:41"]
[Variant "Standard"]

1. e4 {[%clk 0:15:05]}  e5 {[%clk 0:15:04]} 2. Nc3 {[%clk 0:15:07]}  Nc6 {[%clk 0:15:06]} 3. Bc4 {[%clk 0:15:09]}  Nf6 {[%clk 0:15:05]} 4. d3 {[%clk 0:15:10]}  Bc5 {[%clk 0:15:03]} 5. f4 {[%clk 0:15:11]}  d6 {[%clk 0:14:41]} 6. Nf3 {[%clk 0:15:07]}  Qe7 {[%clk 0:13:50]} 7. f5 {[%clk 0:14:59]}  Na5 {[%clk 0:13:31]} 8. Bg5 {[%clk 0:14:32]}  c6 {[%clk 0:12:48]} 9. a3 {[%clk 0:14:16]}  Nxc4 {[%clk 0:12:17]} 10. dxc4 {[%clk 0:14:17]}  a5 {[%clk 0:11:38]} 11. Qd3 {[%clk 0:13:52]}  a4 {[%clk 0:09:45]} 12. O-O-O {[%clk 0:13:14]}  Qc7 {[%clk 0:08:12]} 13. Be3 {[%clk 0:12:18]}  Bxe3+ {[%clk 0:06:00]} 14. Qxe3 {[%clk 0:12:20]}  O-O {[%clk 0:05:48]} 15. Rhg1 {[%clk 0:12:01]}  Rb8 {[%clk 0:04:53]} 16. g4 {[%clk 0:12:02]}  b5 {[%clk 0:04:28]} 17. g5 {[%clk 0:11:52]}  Ne8 {[%clk 0:04:21]} 18. cxb5 {[%clk 0:11:52]}  cxb5 {[%clk 0:04:22]} 19. Nd5 {[%clk 0:11:54]}  Qc4 {[%clk 0:03:19]} 20. f6 {[%clk 0:07:45]}  g6 {[%clk 0:03:02]} 21. Qe1 {[%clk 0:07:23]}  Be6 {[%clk 0:02:39]} 22. Ne7+ {[%clk 0:07:15]}  Kh8 {[%clk 0:02:41]} 23. Qh4 {[%clk 0:07:15]}  b4 {[%clk 0:01:38]} 24. Qh6 {[%clk 0:07:17]}  Rg8 {[%clk 0:01:33]} 25. Nxg8 {[%clk 0:04:38]}  Kxg8 {[%clk 0:01:35]} 26. Rxd6 {[%clk 0:03:51]}  bxa3 {[%clk 0:01:17]} 27. bxa3 {[%clk 0:03:40]}  Rc8 {[%clk 0:00:40]} 28. Rd2 {[%clk 0:02:17]}  Qxe4 {[%clk 0:00:42]} 29. Kd1 {[%clk 0:01:46]}  Qxf3+ {[%clk 0:00:41]} 30. Ke1 {[%clk 0:01:48]} 0-1

[Event "Rapid"]
[Site "Estonia Resort Hotel & Spa conference center, Pärnu, EE"]
[Date "2025.08.17"]
[Round "3"]
[White "Kivioja, Endel"]
[Black "Jakubowski, Krzysztof"]
[Result "0-1"]
[Board "11"]
[WhiteFideId "4500385"]
[BlackFideId "1112848"]
[BlackTitle "GM"]
[WhiteElo "2117"]
[BlackElo "2339"]
[WhiteTeam "EST"]
[BlackTeam "POL"]
[WhiteClock "0:12:42"]
[BlackClock "0:11:45"]
[Variant "Standard"]

1. Nf3 {[%clk 0:15:05]}  Nf6 {[%clk 0:15:03]} 2. g3 {[%clk 0:15:07]}  b5 {[%clk 0:14:20]} 3. Bg2 {[%clk 0:15:07]}  Bb7 {[%clk 0:14:22]} 4. O-O {[%clk 0:15:08]}  e6 {[%clk 0:14:23]} 5. c4 {[%clk 0:14:21]}  bxc4 {[%clk 0:14:17]} 6. Qa4 {[%clk 0:14:17]}  c6 {[%clk 0:12:38]} 7. Ne5 {[%clk 0:13:32]}  d5 {[%clk 0:12:31]} 8. b3 {[%clk 0:13:34]}  Bd6 {[%clk 0:12:02]} 9. Bb2 {[%clk 0:13:35]}  Qc7 {[%clk 0:12:03]} 10. f4 {[%clk 0:12:56]}  Na6 {[%clk 0:11:47]} 11. bxc4 {[%clk 0:12:42]}  Qb6+ {[%clk 0:11:45]} 0-1